000 00428nam a2200145Ia 4500
008 100204s9999 xx 000 0 und d
082 _b22942
100 _aसप्रे मधुवंती
245 _aआत्मजा
260 _b"साहित्य सेवा , औरंगाबाद"
_c1997
300 _a296
630 _aआत्मजा
730 _aआत्मजा
942 _cBOOK
999 _c468051
_d468048